[Event "Nationale III"]
[Site "Castelsarrasin"]
[Date "2010.10.17"]
[Round "1"]
[White "Marimon, Frédéric"]
[Black "Grezels, Florian"]
[Result "1/2-1/2"]
[WhiteElo "1651"]
[BlackElo "1873"]

1.Nf3 d5 2.b3 Nf6 3.Bb2 {Dernier coup de la bibliothèque d'ouverture} 3...
e6 4.e3 Nbd7 5.d3 b6 6.Nbd2 Bb7 7.Be2 Be7 8.O-O O-O 9.Ne5 Nxe5 10.Bxe5 c5 
11.Bb2 Re8 12.f4 Bd6 13.Nf3 d4 14.exd4 Bxf4 15.dxc5 $201 Be3+ $6 $10 {
Houdini 1.03a w32 2_CPU: Coup faible, le score varie de/à: -0.74 / -0.16} 
    ( 15...Ng4 16.Qe1 bxc5 17.Bc1 e5 18.Qc3 Ne3 19.Bxe3 Bxe3+ 20.Kh1 Qd6 
    21.Rad1 Bd5 22.Qa5 h6 23.a3 Bb7 24.Qb5 $15 )
16.Kh1 Bxc5 17.Qd2 Nd5 18.Bd4 Bxd4 19.Nxd4 e5 20.Nf5 Nf4 21.Bf3 Bxf3 22.
Rxf3 g6 23.g3 Qd5 24.Qe3 e4 25.Rxf4 exd3+ 26.Qf3 Qxf3+ 27.Rxf3 gxf5 28.
cxd3 Rad8 29.Raf1 Re7 30.Rxf5 Rxd3 31.R1f2 Rde3 32.Kg2 Re2 33.Rxe2 Rxe2+ 
34.Rf2 Re7 35.Kf3 Kg7 36.Kg4 Kg6 37.Kf3 Rc7 38.Re2 a5 39.a4 Rc3+ 40.Re3 
Rc2 41.Re2 Rc5 42.h3 Kf5 43.Re3 Rc1 44.g4+ Kf6 45.Kg3 Rc5 
    ( 45...Rc5 {19:+0.03} 46.Rd3 b5 47.h4 bxa4 48.bxa4 Rc4 49.Rf3+ Ke6 50.
    Rf4 Rc3+ 51.Kf2 Ra3 52.g5 f5 53.gxf6 Kf7 54.h5 h6 55.Rg4 Kxf6 56.Rg6+ 
    Kf5 57.Rxh6 Rxa4 58.Rg6 Re4 )
1/2-1/2

[Event "Nationale III"]
[Site "Castelsarrasin"]
[Date "2010.10.17"]
[Round "1"]
[White "Bert, Jérome"]
[Black "Ramahef, Eric"]
[Result "1-0"]
[WhiteElo "2093"]
[BlackElo "2066"]

1.Nf3 Nf6 2.g3 g6 3.Bg2 Bg7 4.d3 O-O 5.O-O d6 6.e4 e5 7.h3 Nbd7 8.Nbd2 Re8
9.Re1 Nf8 10.Nf1 Ne6 11.c3 c6 12.Qc2 Qc7 13.Be3 c5 14.Rac1 Bd7 15.Nh4 Nh5 
16.Nh2 Qd8 17.Qd2 Nef4 18.Ng4 Rf8 19.gxf4 exf4 20.Bxf4 Nxf4 21.Qxf4 Qxh4 
22.Qxd6 Rad8 23.Qxc5 b6 24.Qc4 Qg5 25.d4 h5 26.Ne3 Bxh3 27.Qe2 Bh6 
    ( 27...Bc8 28.Nd5 Rfe8 29.f4 Qh6 30.Qf3 h4 31.Bh3 Bb7 32.Rcd1 Rd6 33.
    a4 Bc6 34.b3 f5 35.c4 Bxd5 36.cxd5 fxe4 37.Rxe4 )
28.Qf3 Bd7 29.Qg3 h4 30.Qxg5 Bxg5 31.Rc2 h3 32.Bh1 Kg7 33.Nd5 Be6 34.f4 
Bh4 35.Re3 Bg4 36.Bf3 Be6 37.b3 
    ( 37.Kh2 Rd7 38.c4 Rc8 39.Nxb6 axb6 40.d5 g5 41.dxe6 fxe6 42.f5 exf5 
    43.exf5 Rc5 44.Kxh3 Rxf5 45.Rce2 Rf4 46.Bd5 Bf2 47.Re8 Bc5 48.R2e5 
    Rh4+ 49.Kg3 Bd6 )
37...Rh8 
    ( 37...Bxd5 38.exd5 Bg3 39.Bg2 h2+ 40.Kh1 Bxf4 41.Re4 Bd6 42.c4 Rc8 
    43.Rc1 Rh8 44.Rf1 Rce8 45.Rxe8 Rxe8 46.Rc1 Bf4 47.Rf1 Bd6 48.Rc1 )
38.Nc7 
    ( 38.Kh2 f5 39.Nc7 Bd7 40.exf5 Bxf5 41.Rce2 Rd7 42.Ne6+ Kf6 43.d5 Re7 
    44.c4 Rc8 45.a3 Rce8 46.Re5 )
38...Bd7 
    ( 38...Bg3 39.Nxe6+ fxe6 40.Bg4 h2+ 41.Kh1 Bxf4 42.Re1 Kf6 43.e5+ Ke7 
    44.Rf1 g5 45.Bf3 Rc8 46.Be4 Rh3 47.Rf3 Rhh8 48.Rf1 Rh3 )
39.Bd1 Rc8 40.Nd5 Be6 41.c4 f5 42.e5 Bxd5 43.cxd5 Rxc2 44.Bxc2 Bf2+ 45.
Kxf2 h2 46.Re1 h1=Q 47.Rxh1 Rxh1 48.d6 Kf7 
    ( 48...Kf8 49.Bd3 Rh2+ 50.Ke3 Rxa2 51.Bb5 Ra3 52.Kd3 a6 53.Bd7 Rxb3+ 
    54.Kc4 Rb2 55.e6 Re2 56.e7+ Kf7 57.Bc6 b5+ 58.Kb4 Re4 59.Ka5 Re3 60.
    Bb7 Ra3+ 61.Kb6 Rc3 62.Bxa6 b4 63.Bb5 Re3 64.Kc7 )
49.Bd3 Rh2+ 50.Kg3 Rd2 
    ( 50...Rh8 51.Bc4+ Kg7 52.e6 Kf6 53.e7 Rb8 54.Kf3 b5 55.Bxb5 Kf7 56.
    Bc6 Rh8 57.Ke3 Rh3+ 58.Kd2 Rh8 59.Kd3 Rh3+ 60.Kc4 Re3 61.Kb5 Re1 62.b4
    Re3 63.a4 Re2 64.Kc5 Rc2+ 65.Kd5 )
51.Bc4+ Ke8 52.e6 
    ( 52.e6 Rc2 53.Bb5+ Kf8 54.e7+ Kg7 55.e8=Q Rc3+ 56.Kf2 Rc2+ 57.Kf3 
    Rc3+ 58.Ke2 g5 59.Qe7+ Kh6 60.fxg5+ Kh5 61.d7 Rc7 62.Qe8+ Kg4 63.d8=Q 
    Rc2+ 64.Kd3 Rf2 65.g6 Rf3+ 66.Kc4 a6 67.Bxa6 Rf2 68.g7 Rc2+ 69.Kd5 )
1-0

[Event "Nationale III"]
[Site "Castelsarrasin"]
[Date "2010.10.17"]
[Round "Ronde 1"]
[White "Lacroix, Romain"]
[Black "Chabrol, Thierry"]
[Result "1-0"]
[WhiteElo "2167"]
[BlackElo "2119"]

1.e4 g6 2.d4 Bg7 3.Nc3 c5 {Coup hors bibliothèque d'ouverture c6 56% d6 
44%} 4.dxc5 Qa5 5.Bd2 Qxc5 6.Nd5 Na6 $201 7.b4 $6 $10 {Houdini 1.03a w32 
2_CPU: Coup faible, le score varie de/à: +0.50 / -0.27} 
    ( 7.Be3 Qc6 8.Ne2 Nf6 9.Nd4 Qa4 10.Nc3 Qa5 11.Nb3 Qc7 12.Bd4 Nb4 13.a3
    Nc6 14.Nd5 Qd6 15.Bc3 Ne5 16.Nxf6+ Qxf6 17.Qd5 $14 )
7...Qd4 $201 8.Rc1 $6 $15 {Houdini 1.03a w32 2_CPU: Coup faible, le score 
varie de/à: -0.32 / -1.08} 
    ( 8.Rb1 Qxe4+ 9.Ne3 Nf6 10.Nf3 O-O 11.Bd3 Qe6 12.O-O Nc7 13.Ng5 Qc6 
    14.c4 d6 15.Qb3 Be6 16.Bc3 Rac8 17.f3 $10 )
8...Qxe4+ 9.Be3 Nxb4 10.Nc7+ Kd8 $201 11.Nxa8 $6 $17 {Houdini 1.03a w32 
2_CPU: Coup faible, le score varie de/à: -0.95 / -1.69} 
    ( 11.c3 Nxa2 12.Nxa8 Nxc1 13.Qxc1 b6 14.Nxb6 axb6 15.Ne2 Ke8 16.f3 Qe6
    17.Nd4 Qe5 18.Be2 h5 19.Nb5 Bh6 20.f4 Qe4 21.Nc7+ Kf8 $15 )
11...Bc3+ 12.Ke2 $201 Qc4+ $6 $15 {Houdini 1.03a w32 2_CPU: Coup faible, 
le score varie de/à: -2.36 / -0.89} 
    ( 12...b6 13.f3 Qe5 14.Kf2 Nd5 15.Qd3 Nxe3 16.Ne2 Nd5 17.f4 Qd6 18.
    Nxc3 Qc5+ 19.Kg3 Nxc3 20.Re1 Nf6 21.h3 Bb7 $17 )
13.Kf3 Qc6+ 14.Kg3 $201 Nf6 $6 $10 {Houdini 1.03a w32 2_CPU: Coup faible, 
le score varie de/à: -1.24 / -0.36} 
    ( 14...Nd5 15.Bxa7 Ngf6 16.f3 b6 17.Ne2 Be5+ 18.Kf2 Qxa8 19.c4 Qxa7 
    20.cxd5 Qxa2 21.g3 Bb7 22.Qd3 Qxd5 23.Qxd5 Nxd5 24.Bg2 Bd6 25.Rhd1 
    Bc5+ 26.Nd4 Kc7 $15 )
15.f3 Nbd5 16.Bd4 b6 17.Ne2 $201 Bb4 $6 $14 {Houdini 1.03a w32 2_CPU: Coup
faible, le score varie de/à: -0.06 / +0.52} 
    ( 17...Bxd4 18.Qxd4 Qxa8 19.c4 Nc7 20.Qe3 Qc6 21.Nd4 Qa4 22.Bd3 Bb7 
    23.Rhd1 Ke8 24.Kf2 Qxa2+ 25.Rc2 Qa3 26.Kg1 Ne6 27.Nxe6 fxe6 $10 )
18.c4 Bd6+ 19.Kf2 $201 Nf4 $6 $14 {Houdini 1.03a w32 2_CPU: Coup faible, 
le score varie de/à: +0.49 / +1.05} 
    ( 19...Nb4 20.Qd2 Bc5 21.Rb1 Na6 22.Nxb6 axb6 23.Bxc5 Qxc5+ 24.Qe3 Nb4
    25.Nc3 d6 26.a3 Nc2 27.Qxc5 bxc5 28.a4 Nb4 29.a5 Kc7 30.Be2 Bf5 $10 )
20.c5 bxc5 21.Nxf4 Bxf4 22.Rxc5 Qxa8 $201 23.Bxf6 $6 $10 {Houdini 1.03a 
w32 2_CPU: Coup faible, le score varie de/à: +1.28 / +0.40} 
    ( 23.Qb3 Bd6 24.Ra5 Qb8 25.Rxa7 Qxb3 26.axb3 e5 27.Bb6+ Ke7 28.Bc4 Bb4
    29.Rd1 Kf8 30.Ra4 Bc3 31.Rd3 Bb2 32.b4 Kg7 33.b5 Bb7 34.Ra7 d5 35.Rxb7
    dxc4 $14 )
23...exf6 24.Qd5 Qxd5 25.Rxd5 Bb7 26.Rd1 Kc7 27.Bc4 Bc6 28.Bxf7 Rb8 29.Rb1
Rf8 30.Bc4 Bd6 31.Rhc1 Bc5+ 32.Kf1 Bb6 33.Bd5 Kd6 34.Bxc6 dxc6 35.Rd1+ Kc7
36.Re1 Rf7 37.Re2 Rd7 38.Rbe1 Bc5 39.Rc1 Bd6 40.Rec2 c5 41.Rd1 Rf7 42.Ke2 
Kc6 43.h3 Rb7 44.Kd3 Be5 45.Rdd2 Rd7+ 46.Kc4 Bd4 47.Rd3 Rb7 48.Rb3 Rd7 49.
Rd2 Re7 50.Ra3 $201 Kb6 $6 $14 {Houdini 1.03a w32 2_CPU: Coup faible, le 
score varie de/à: +0.70 / +1.23} 
    ( 50...g5 51.Rdd3 Kd6 52.g4 Ke5 53.Ra5 Rb7 54.Rb3 Re7 55.Rba3 Rb7 56.
    R3a4 a6 57.Rxa6 Rb2 58.Ra7 Rc2+ 59.Kd3 Rc3+ 60.Ke2 Re3+ 61.Kf2 Rd3+ 
    62.Kg3 h6 63.Re7+ Kd5 $14 )
51.Rdd3 a6 52.Rdb3+ Ka7 53.Kd5 Re5+ 54.Kc6 Re6+ 55.Kd7 Re2 56.Ra4 $201 Rb2
$2 $16 {Houdini 1.03a w32 2_CPU: Coup faible, le score varie de/à: +0.85 /
+2.97} 
    ( 56...h5 57.g3 g5 58.Kd6 Re1 59.Rba3 Kb7 60.Rxa6 Rd1 61.Ke6 Be5 62.
    Ra7+ Kb6 63.R3a6+ Kb5 64.a4+ Kc4 65.Rh7 Rd3 66.f4 gxf4 67.gxf4 Bxf4 
    68.Rxh5 Be5 69.h4 $14 )
57.Kc6 Rxb3 58.axb3 $201 g5 $6 $18 $201 {Houdini 1.03a w32 2_CPU: Coup 
faible, le score varie de/à: +2.97 / +3.57} 
    ( 58...Bf2 59.Re4 a5 60.Re7+ Ka6 61.Rxh7 c4 62.bxc4 a4 63.Rb7 Be3 64.
    Re7 Bd4 65.Re4 Bg1 66.c5 Ka5 67.Kd5 a3 68.c6 Bb6 69.Re8 Kb5 70.Ra8 Kb4
    71.Rb8 Ka5 72.Kc4 Bc7 73.Ra8+ Kb6 74.Rxa3 Kxc6 75.Ra6+ Bb6 $16 )
59.Ra2 $6 $16 {Houdini 1.03a w32 2_CPU: Coup faible, le score varie de/à: 
+3.57 / +2.70} 
    ( 59.b4 cxb4 60.Rxb4 Ba1 61.Rb7+ Ka8 62.Rxh7 Kb8 63.Kb6 Kc8 64.Kxa6 
    Kd8 65.Kb6 Ke8 66.Kc6 Kf8 67.Kd5 Kg8 68.Rd7 Kf8 69.Ke6 Bc3 70.Rb7 Be5 
    71.Rh7 Bd4 72.Kf5 Be5 73.Rb7 Ke8 74.Ke6 Kf8 75.Rh7 $18 )
59...h5 60.g3 f5 $201 61.Kd5 $6 $16 {Houdini 1.03a w32 2_CPU: Coup faible,
le score varie de/à: +2.88 / +2.33} 
    ( 61.Re2 a5 62.Kb5 Kb8 63.Re7 Kc8 64.Kxa5 Kd8 65.Rf7 g4 66.hxg4 fxg4 
    67.fxg4 hxg4 68.Rf4 Ke7 69.Kb5 Kd6 70.Kc4 Be3 71.Re4 Bd4 72.Rxg4 Be3 
    73.Re4 Bh6 74.Re8 Bg7 75.Rd8+ Ke7 $16 )
61...Kb6 $201 62.b4 $6 $16 {Houdini 1.03a w32 2_CPU: Coup faible, le score
varie de/à: +2.51 / +1.98} 
    ( 62.f4 gxf4 63.gxf4 Kb5 64.Ra4 Bc3 65.Ke6 Bb4 66.Ra1 a5 67.Kxf5 c4 
    68.bxc4+ Kxc4 69.Ke4 Kc5 70.Rd1 Ba3 71.Rd5+ Kb4 72.Rxh5 a4 73.f5 Bb2 
    74.Rh6 a3 75.f6 a2 76.f7 a1=Q 77.f8=Q+ Kb3 78.Rb6+ Kc2 79.Qc5+ Bc3 $16
    )
62...Kb5 63.bxc5 Bxc5 64.Rxa6 Kxa6 65.Kxc5 g4 66.fxg4 h4 67.gxh4 
    ( 67.gxh4 {25:+327.00} 67...f4 68.Kd4 Kb5 69.h5 Kb4 70.h6 f3 71.Ke3 f2
    72.Kxf2 Kc5 73.h7 Kd6 74.h8=Q Ke6 75.g5 Kf5 76.Qd8 Ke4 77.g6 Ke5 78.g7
    Ke6 79.g8=Q+ Ke5 80.Qgd5+ Kf4 81.Qf6# )
1-0

[Event "Nationale III"]
[Site "Castelsarrasin"]
[Date "2010.10.17"]
[Round "1"]
[White "Chabrol, Fabienne"]
[Black "Rivière, Frédéric"]
[Result "0-1"]
[WhiteElo "1479"]
[BlackElo "1800"]

1.c4 e5 2.Nc3 c6 {Dernier coup de la bibliothèque d'ouverture} 3.d3 d5 4.
cxd5 cxd5 5.g3 Nc6 6.Bg2 Be6 7.Nf3 Nf6 8.O-O Be7 9.a3 O-O 10.b4 e4 11.dxe4
dxe4 12.Nd2 e3 13.Nde4 Nxe4 14.Nxe4 exf2+ 15.Nxf2 Bf6 $201 16.b5 $6 $17 {
Houdini 1.03a w32 2_CPU: Coup faible, le score varie de/à: -0.65 / -2.14} 
    ( 16.Be3 Bxa1 17.Qxa1 Re8 18.Rd1 Qc8 19.Ne4 Rd8 20.Nd6 Qc7 21.Bf4 Rd7 
    22.Qc1 Rad8 23.Qc5 f6 24.b5 Ne5 25.Qxc7 Rxc7 26.Bxe5 fxe5 $15 )
16...Bxa1 17.bxc6 bxc6 18.Bxc6 Rc8 $201 19.Qa4 $6 $19 {Houdini 1.03a w32 
2_CPU: Coup faible, le score varie de/à: -2.09 / -3.02} 
    ( 19.Bb7 Qxd1 20.Rxd1 Rcd8 21.Rf1 Bd4 22.Kg2 Rfe8 23.Bf3 Bd5 24.e4 Ba8
    25.Rd1 Bc5 26.Re1 Re6 27.Bg5 Rb8 28.Be3 Bxe3 29.Rxe3 $17 )
19...Qb6 $201 20.Be4 $4 $19 {Houdini 1.03a w32 2_CPU: Coup faible, le 
score varie de/à: -2.93 / -6.97} 
    ( 20.Bg5 Rxc6 21.Rxa1 Rc4 22.Qd1 f6 23.Bf4 Rd8 24.Qe1 Rc2 25.Rc1 Rdc8 
    26.Rd1 Bc4 27.Rd2 Qa5 28.e4 Rxd2 29.Qxd2 Qxd2 30.Bxd2 Kf7 31.Kg2 $17 )
20...Rc4 
    ( 20...Rc4 {16:-7.18} 21.Qd1 Rxe4 22.Qd3 f5 23.Re1 Rd8 24.Qf3 Bf6 25.
    Kf1 Re5 26.Nd3 Bd5 27.Qf2 Re6 28.Qxb6 Rxb6 29.Nb4 Bc3 30.Bg5 Bxe1 31.
    Bxd8 Rd6 32.Kxe1 Rxd8 33.Nxd5 Rxd5 )
0-1

[Event "Tournoi grznd prix"]
[Site "Cap d'Agde FRA"]
[Date "2010.10.23"]
[Round "1"]
[White "Bogner, Sebastian"]
[Black "Lacroix, Romain"]
[Result "1-0"]
[WhiteElo "2549"]
[BlackElo "2167"]

1.d4 d5 2.c4 c6 3.Nf3 Nf6 4.Nc3 a6 5.a4 e6 6.Bg5 a5 7.e3 Na6 8.Be2 Be7 9.
O-O O-O 10.Qb3 Nb4 11.Na2 Nxa2 12.Qxa2 dxc4 13.Bxc4 Nd5 14.Bxe7 Qxe7 15.
Qa3 Qxa3 $2 
    ( 15...Nb4 16.Ne5 b6 17.Rac1 $10 Bb7 18.Be2 Rad8 19.Nc4 c5 20.dxc5 )
16.bxa3 $3 Nc3 17.Rfc1 Nxa4 18.Rab1 b5 19.Bb3 Nb6 20.Rxc6 Nd7 21.Rc7 
    ( 21.Rbc1 Bb7 22.Rc7 Rfc8 )
21...Nf6 22.Ne5 Nd5 
    ( 22...Ba6 23.Nxf7 Rxf7 24.Bxe6 Rf8 25.Rbc1 )
23.Bxd5 exd5 24.Rxb5 Be6 25.Nc6 g6 26.Nxa5 Rfb8 27.Rxb8+ Rxb8 28.h3 Rb2 
29.Nc6 1-0

[Event "TOURNOI CAVALIER"]
[Site "CAP D'AGDE"]
[Date "2010.10.23"]
[Round "1"]
[White "Riviere, Frédéric"]
[Black "Chokbengoun,"]
[Result "1-0"]
[WhiteElo "1800"]
[BlackElo "1978"]

1.e4 e5 2.Nf3 Nc6 3.d4 exd4 4.Nxd4 Bc5 5.c3 Qh4 6.Qd3 Nf6 7.Nd2 O-O 8.g3 
Qh5 9.Bg2 d6 10.h4 Ne5 11.Qe2 Qxe2+ 12.Kxe2 c6 13.Re1 d5 14.exd5 Nxd5 15.
Ne4 Be7 16.a4 h6 17.a5 Bd7 18.Nb3 Rad8 19.Nec5 Bc8 20.Kf1 Bd6 21.a6 b6 22.
Nb7 Bxb7 23.axb7 a5 24.Nd4 Bb8 25.Rxe5 Bxe5 26.Nxc6 Bf6 27.c4 Nb4 28.Nxb4 
axb4 29.Bf4 Bxb2 30.Ra8 Rfe8 31.Bd5 Bd4 32.Rxd8 Rxd8 33.f3 h5 34.Ke2 Bc5 
35.Kd3 b5 36.b8=Q bxc4+ 37.Kxc4 Rxb8 38.Bxb8 Be7 39.Ba7 g5 40.hxg5 Bxg5 
41.Kxb4 Bd2+ 42.Kc4 Be1 43.Kd3 Bxg3 44.Ke2 Kg7 45.Bf2 Bf4 46.Kf1 Kg6 47.
Bh4 Be5 48.Kg2 Bf4 49.Bg3 Bd2 50.Kh3 Be3 51.Be4+ Kh6 52.Bh4 Bf4 53.Bf6 Bd2
54.Be7 Bf4 55.Kh4 Kg7 56.Kxh5 Be5 57.Kg5 f6+ 58.Kf5 Kf7 59.Bd8 Bc3 60.Bc7 
Bb2 61.Bd6 Bc3 62.Bd5+ Kg7 63.Bc5 Bd2 64.Bd4 Bg5 65.Bc3 Bh4 66.f4 Bf2 67.
Bxf6+ Kf8 68.Ke6 Bc5 69.f5 Bb4 70.Be5 Bd2 71.f6 Bg5 72.Bd6+ 1-0

[Event "tournoi du cap"]
[Site "cap d'agde"]
[Date "2010.10.24"]
[Round "2"]
[White "Lacroix, Romain"]
[Black "Ternaut, Mathieu"]
[Result "1-0"]
[WhiteElo "2167"]
[BlackElo "2071"]

1.e4 e6 2.d4 d5 3.Nd2 Nf6 4.e5 Nfd7 5.Bd3 c5 6.c3 Nc6 7.Ne2 b6 8.O-O cxd4 
9.cxd4 Nb4 10.Bb1 Ba6 11.Nf3 Rc8 12.a3 Nc6 13.Bg5 Bxe2 14.Qxe2 Nxd4 15.
Nxd4 Qxg5 16.f4 Qh4 17.g3 Qh3 18.b4 Be7 19.Bd3 
    ( 19.f5 Bg5 )
19...O-O 20.Ba6 Rc7 21.Rac1 Rxc1 22.Rxc1 Nb8 23.Rc7 Bh4 24.Qf1 Qg4 25.Be2 
Qg6 26.Bd3 Qg4 27.Qe2 Qxe2 28.Bxe2 Bd8 29.Rb7 b5 30.Rxb8 Bb6 31.Rxb6 axb6 
32.Bxb5 Ra8 33.a4 Kf8 34.Kf2 Ke7 35.a5 bxa5 36.bxa5 Kd8 37.a6 Kc7 38.Ke2 
Kb6 39.Bd3 Rc8 40.Nb5 f6 41.Nd4 fxe5 42.fxe5 g5 43.Ke3 h6 44.Nxe6 Re8 45.
Bf5 Re7 46.Kd4 Kxa6 47.Kxd5 Rd7+ 48.Kc6 Rd2 49.Nc5+ Ka7 50.e6 1-0

[Event "Tournoi du cavalier"]
[Site "Cap d'Agde FRA"]
[Date "2010.10.24"]
[Round "2"]
[White "Bouthier, Jacques"]
[Black "Riviere, Frederic"]
[Result "1-0"]
[WhiteElo "1930"]
[BlackElo "1800"]

1.e4 e5 2.Nf3 Nc6 3.Bc4 h6 
    ( 3...Nf6 
        ( 3...Be7 )
    4.Ng5 d5 )
4.c3 Nf6 5.d3 d5 6.exd5 Nxd5 7.Nbd2 Be7 8.O-O O-O 9.Re1 Bg4 10.h3 Bh5 11.
Ne4 
    ( 11.g4 Bg6 12.Nxe5 Nxe5 13.Rxe5 Nf4 14.Qf3 )
11...Bg6 12.Ng3 Bf6 13.Nh2 Nf4 
    ( 13...Nb6 14.Bb5 Qd5 15.Qb3 a6 16.Qxd5 Nxd5 17.Bxc6 bxc6 18.Ng4 Rae8 
        ( 18...Rfe8 )
    )
14.Bxf4 exf4 15.Ne4 Ne5 16.Ng4 Nxg4 
    ( 16...Nxc4 17.Ngxf6+ gxf6 18.dxc4 )
17.Qxg4 Be5 
    ( 17...Bxe4 )
1-0

[Event "Cap d'Agde"]
[Site "Tournoi du Cavalier"]
[Date "2010.10.25"]
[Round "3"]
[White "Riviere, Frédéric"]
[Black "Lorello, Alfio"]
[Result "0-1"]
[WhiteElo "1800"]
[BlackElo "1936"]

1.e4 c5 2.Nf3 e6 3.d4 cxd4 4.Nxd4 Nf6 5.Bd3 Nc6 6.Nxc6 bxc6 7.O-O 
    ( 7.c4 d5 8.cxd5 cxd5 9.exd5 )
7...e5 8.Qe2 Be7 9.Nd2 Qc7 10.Nc4 O-O 11.Bd2 d6 12.Rad1 Be6 13.Ne3 d5 14.
exd5 cxd5 15.Bf5 
    ( 15.Nf5 Bc5 16.b4 Bb6 17.c4 )
15...d4 16.Bxe6 dxe3 17.Bxf7+ Rxf7 18.Bxe3 Rc8 19.c3 Bc5 20.Bg5 Bb6 21.Rd2
Rcf8 22.Bh4 Qc5 23.Bg3 Bc7 24.Re1 e4 25.Rd4 Bxg3 26.hxg3 Qf5 27.Qc4 Ng4 
28.Rdxe4 Qxf2+ 29.Kh1 Qxg3 0-1

[Event "cap d'agde"]
[Site "Tournoi du Grand prix"]
[Date "2010.10.25"]
[Round "3"]
[White "Hamdouchi, Hicham"]
[Black "Lacroix, Romain"]
[Result "1-0"]
[WhiteElo "2592"]
[BlackElo "2167"]

1.e4 e5 2.Bc4 Nf6 3.d3 c6 4.Nf3 d5 5.exd5 
    ( 5.Bb3 )
5...cxd5 6.Bb3 Bd6 7.Nc3 Be6 8.Bg5 Qa5 
    ( 8...Bc7 )
9.O-O Nbd7 10.Qe1 O-O 
    ( 10...d4 )
    ( 10...Qc5 )
11.Bxf6 gxf6 12.Nxd5 Qxe1 13.Rfxe1 Rac8 14.c3 Kg7 15.d4 Rfd8 16.Rad1 Bxd5 
17.Bxd5 b5 18.Bb7 Rc7 19.Be4 Rcc8 20.Bf5 Rc7 21.Re4 b4 22.cxb4 Bxb4 23.
Rg4+ Kh8 24.a3 
    ( 24.dxe5 Nf8 25.Rf1 Be7 26.exf6 Bxf6 )
24...Bf8 25.Re1 Rb8 26.b4 exd4 27.Rxd4 Ne5 28.Nxe5 fxe5 29.Rd5 f6 30.g3 
Bh6 31.Kg2 Bc1 32.Rc5 Rxc5 33.bxc5 Bxa3 34.c6 Bd6 35.Rd1 Bc7 36.Rd7 Bb6 
37.c7 Re8 38.Re7 1-0

[Event "Tournoi du cavalier"]
[Site "Cap d'Agde FRA"]
[Date "2010.10.26"]
[Round "4"]
[White "Houet, Thomas"]
[Black "Riviere, Frédéric"]
[Result "0-1"]
[WhiteElo "1685"]
[BlackElo "1800"]

1.e4 e5 2.Nf3 Nc6 3.Bb5 d6 4.d4 exd4 5.Nxd4 Bd7 6.Nc3 Nf6 7.O-O Be7 8.Nf5 
O-O 9.Nxe7+ Qxe7 10.Bg5 Qe5 11.Bxf6 
    ( 11.f4 Qc5+ 12.Kh1 Nxe4 )
11...Qxf6 12.f4 Rad8 13.e5 dxe5 14.Nd5 Qd6 15.fxe5 Nxe5 16.Bxd7 Rxd7 17.
Nf6+ Qxf6 18.Qh5 Qb6+ 19.Kh1 f6 20.Rf4 Rfd8 21.Raf1 Qe6 22.Rh4 h6 23.Re4 
Rd4 24.Re3 Rd2 25.Rg3 Qd7 26.Qxh6 Ng4 27.Qf4 Rd4 28.Qf3 Rd1 0-1

[Event "Tournoi du cavalier"]
[Site "Cap d'Agde FRA"]
[Date "2010.10.26"]
[Round "4"]
[White "Ranc, Florian"]
[Black "Coraboeuf, Alain"]
[Result "1-0"]
[WhiteElo "1815"]
[BlackElo "1718"]

1.b3 d6 2.Bb2 c6 3.f4 Nd7 4.Nf3 Ngf6 5.Nc3 a6 6.a4 Qc7 7.e3 g6 8.Bd3 Bg7 
9.O-O O-O 10.Ba3 b5 11.axb5 axb5 12.Bb2 
    ( 12.Bxd6 Rxa1 13.Bxc7 Rxd1 14.Rxd1 )
12...Bb7 13.Be2 b4 14.Na4 c5 15.d4 Bc6 16.dxc5 dxc5 17.Ne5 Bxa4 18.bxa4 
Nb6 19.Bb5 Rad8 20.Qe2 Nbd5 21.Nc6 Ra8 22.Be5 Qb7 23.e4 Nc3 24.Bxc3 bxc3 
25.Rfd1 Nh5 26.g3 Bd4+ 27.Nxd4 cxd4 28.Rxd4 Qb6 29.Qf2 Nf6 30.Rc4 Qe6 31.
Re1 Rac8 32.Qd4 Rcd8 33.Qxc3 Qh3 34.Rd4 Ng4 35.Rd2 Rc8 36.Qf3 Rcd8 37.Qg2 
Qh5 1-0

[Event "Tournoi grand prix"]
[Site "Cap d'Agde FRA"]
[Date "2010.10.26"]
[Round "4"]
[White "Lacroix, Romain"]
[Black "Hervais, Adrien"]
[Result "1-0"]
[WhiteElo "2167"]
[BlackElo "2048"]

1.e4 e6 2.d4 d5 3.Nd2 Nf6 4.e5 Nfd7 5.Bd3 c5 6.c3 Nc6 7.Ne2 cxd4 8.cxd4 f6
9.exf6 Nxf6 10.Nf3 Bd6 11.O-O Qc7 12.Bg5 O-O 13.Rc1 Ng4 14.Ng3 Bf4 15.Rc3 
g6 16.Bb1 Bxg5 17.Nxg5 Qf4 18.Nh3 Qxd4 19.Rd3 Qg7 20.Qxg4 Ne5 21.Qb4 Nxd3 
22.Bxd3 b6 
    ( 22...e5 )
23.Ng5 h6 $2 24.Nf3 Bb7 25.Qg4 Rf6 26.Ne5 h5 27.Qg5 Rf5 28.Nxf5 gxf5 29.
Qxg7+ Kxg7 30.Rc1 Rc8 31.Rxc8 Bxc8 32.f4 1-0

[Event "Tournoi grand prix"]
[Site "Cap d'Agde FRA"]
[Date "2010.10.27"]
[Round "5"]
[White "El Kamel, Adel Mahmout"]
[Black "Lacroix, Romain"]
[Result "0-1"]
[WhiteElo "2284"]
[BlackElo "2167"]

1.d4 d5 2.c4 c6 3.Nc3 Nf6 4.Nf3 a6 5.c5 Nbd7 6.Bf4 g6 7.h3 Bg7 8.e3 O-O 9.
Be2 Ne8 10.O-O Nc7 11.Qc2 f6 12.b4 Re8 13.e4 e5 14.Be3 Nf8 15.Rfd1 Be6 16.
exd5 cxd5 17.a4 e4 18.Nh2 f5 19.Qd2 Bf6 20.f4 Bf7 21.b5 a5 22.b6 Na6 23.
Bxa6 Rxa6 24.Nb5 Ne6 25.Rab1 Re7 26.Rb2 Be8 27.Kh1 Bc6 28.Ra1 h6 29.Nf1 
    ( 29.g4 Kh7 30.gxf5 gxf5 31.Nd6 )
29...Kh7 30.Ng3 Qd7 31.Ra3 Bh4 32.Ne2 Bf6 33.Qd1 Nxc5 34.dxc5 Bxb2 35.Rb3 
Bf6 36.Ned4 Ra8 37.Qd2 Bxb5 38.axb5 Bxd4 39.Qxd4 a4 40.Rb1 a3 41.Qb4 a2 
42.Ra1 Ree8 43.Bd4 e3 44.Rc1 e2 45.Kh2 Qe7 46.Re1 a1=Q 0-1

[Event "TOURNOI CAVALIER"]
[Site "Cap d'Agde FRA"]
[Date "2010.10.27"]
[Round "5"]
[White "Ranc, Florian"]
[Black "Pascal-Mousselard, Philippe"]
[Result "0-1"]
[WhiteElo "1922"]
[BlackElo "1815"]

1.b3 c5 2.Bb2 Nc6 3.e3 a6 4.Nf3 d5 5.d4 Bg4 6.Be2 Bxf3 7.Bxf3 cxd4 8.exd4 
e6 9.O-O Qb6 10.Re1 Nf6 11.Qd3 Nb4 12.Qe2 Rc8 13.c3 Nc6 14.Na3 Qa7 15.Nc2 
Na5 16.Ne3 Kd7 
    ( {[Houdini 1.03a w32 2_CPU] 16:+2.91} 16...Kd7 17.c4 Bb4 18.Rec1 dxc4
    19.bxc4 Rhd8 20.c5 Ke8 21.Rab1 b5 22.Nc2 Bxc5 23.dxc5 Nc4 24.Bd4 Kf8 
    25.Rd1 e5 26.Bc3 Re8 27.a4 Rxc5 28.Bb4 Kg8 29.Bxc5 Qxc5 30.axb5 axb5 )
17.Rac1 b5 18.Ng4 Nxg4 19.Bxg4 Rc6 20.Qf3 Kd8 21.Qh3 
    ( 21.c4 )
21...Qd7 22.Be2 Qc7 23.Bd3 Bd6 24.Qh4+ Be7 25.Qg4 g6 26.Qe2 Re8 27.Rc2 Bd6
28.h3 Bf4 29.Qf3 h5 30.Rce2 Rg8 31.g3 Bd6 32.Kg2 Qe7 33.Bc1 Rxc3 34.Bd2 
0-1

[Event "Tournoi du cavalier"]
[Site "Cap d'Agde FRA"]
[Date "2010.10.27"]
[Round "5"]
[White "Riviere, Frédéric"]
[Black "Didier, Eric"]
[Result "0-1"]
[WhiteElo "1800"]
[BlackElo "1910"]

1.e4 c5 2.c4 e6 3.Nc3 Nc6 4.g3 Nf6 5.Bg2 a6 6.d3 d6 7.Nge2 Bd7 8.O-O Be7 
9.f4 h5 10.h3 Qc7 11.Be3 O-O-O 12.d4 e5 13.dxc5 dxc5 14.Nd5 Nxd5 15.cxd5 
Nd4 16.fxe5 Nxe2+ 17.Qxe2 Qxe5 18.Qc2 Qxg3 19.Bf4 Qg6 20.b4 Bxh3 21.Rf2 
Bxg2 22.Rxg2 Qf6 23.Rf1 Qd4+ 24.Kh2 g5 25.Bd2 Bd6+ 26.Kh1 Rhe8 27.bxc5 
Bxc5 28.Bxg5 Rd6 29.Rxf7 b6 30.Qe2 Qa4 31.Qxh5 Qxe4 32.Bf4 Rd7 33.Qg4 Rh8+
34.Bh2 Qxg4 0-1

[Event "tournoi du cap"]
[Site "cap d'agde"]
[Date "2010.10.28"]
[Round "6"]
[White "Lacroix, Romain"]
[Black "Laclos, Daniel"]
[Result "1-0"]
[WhiteElo "2167"]
[BlackElo "2277"]

1.e4 c5 2.Nf3 Nc6 3.Bb5 Qc7 4.Nc3 e6 5.Bxc6 Qxc6 6.d4 cxd4 7.Nxd4 Qc7 8.
O-O a6 9.Bg5 Nf6 10.Qf3 Qe5 11.Nf5 $3 d5 
    ( 11...exf5 12.exf5 Qc5 13.Rfe1+ Kd8 14.Nd5 Qc6 15.Qe4 $20 )
12.Rfe1 d4 13.Nd5 $3 
    ( {[Deep Rybka 4 w32] 11:+4.58} 13.Nd5 Nxd5 14.exd5 Qc7 15.dxe6 fxe6 
    16.Nxd4 e5 17.Rad1 Bd6 18.Nf5 O-O 19.Qd5+ Kh8 20.Nxd6 h6 21.Bd2 Qxc2 
    22.Qxe5 Kh7 23.f3 Qg6 )
1-0

[Event "cap d'agde"]
[Site "Tournoi du Grand prix"]
[Date "2010.10.29"]
[Round "7"]
[White "Philippe, Christophe"]
[Black "Lacroix, Romain"]
[Result "1/2-1/2"]
[WhiteElo "2417"]
[BlackElo "2167"]

1.d4 d5 2.Nf3 Nf6 3.e3 c6 4.c4 a6 5.Nbd2 b5 6.c5 Bg4 7.h3 Bxf3 8.gxf3 Nbd7
9.f4 g6 10.h4 h5 11.Bd3 e6 12.Qc2 Ng4 13.Nf3 Nh6 14.Bd2 Nf5 15.a4 Be7 16.
Ke2 O-O 17.b4 Bf6 18.Bc3 Qc7 19.Ra3 Kg7 20.Qa2 Rab8 21.axb5 axb5 22.Ra6 
Qc8 23.Ne5 Nxe5 24.dxe5 Be7 25.e4 Nh6 26.f5 exf5 27.exd5 cxd5 28.e6+ Kh7 
29.exf7 Rxf7 30.Rg1 Ng4 31.Qxd5 Rf8 32.Ra7 Qe8 33.Qe6 Rf7 34.f3 Kh6 35.
fxg4 Bxh4 36.Bd2+ f4 37.Bxf4+ Rxf4 38.g5+ Bxg5 39.Re7 Qxe7 40.Qxe7 Bxe7 
41.Rxg6+ Kh7 42.Rf6+ Kg7 43.Rxf4 h4 44.Be4 Bf6 45.Rg4+ Kf7 46.Bd5+ Ke7 47.
Re4+ Kd7 48.Kd3 Rh8 49.Re6 Bd8 50.Rd6+ Ke7 51.Ra6 h3 52.Ra7+ Kf6 53.c6 h2 
54.Bh1 Rh3+ 55.Kd2 Rh4 56.c7 Bxc7 57.Rxc7 Rxb4 58.Rh7 Rb2+ 59.Kc3 Rf2 60.
Bc6 Kg6 61.Rh8 Kg7 62.Rh4 Rf6 63.Bh1 Rh6 1/2-1/2

[Event "Tournoi du cavalier"]
[Site "Cap d'Agde FRA"]
[Date "2010.10.29"]
[Round "7"]
[White "Gilles, François"]
[Black "Ranc, Florian"]
[Result "1-0"]
[WhiteElo "1761"]
[BlackElo "1815"]

1.d4 Nf6 2.c4 g6 3.g3 Bg7 4.Nf3 O-O 5.Bg2 d6 6.O-O Nbd7 7.Nc3 Re8 8.b4 a5 
9.b5 Nb6 10.Nd2 e5 11.dxe5 Rxe5 12.Bb2 Re7 13.Qc2 Nfd7 14.Rac1 Nc5 15.Rfe1
Qe8 16.e3 Bf5 17.e4 Be6 18.Nd5 Bxd5 19.cxd5 Bxb2 20.Qxb2 Nxd5 21.Qb1 Nb4 
22.Bf1 Ne6 23.a3 c5 24.axb4 axb4 1-0